Normal view
MARC view
- Phillip F.Ostwald, Jairo Munoz
Entry Personal Name
001 - CONTROL NUMBER
- control field: 127772
003 - CONTROL NUMBER IDENTIFIER
- control field: NUST
005 - DATE AND TIME OF LATEST TRANSACTION
- control field: 20250206094930.0
008 - FIXED-LENGTH DATA ELEMENTS
- fixed length control field: 250206|| aca||aabn | a|a d
040 ## - CATALOGING SOURCE
- Original cataloging agency: NUST
- Transcribing agency: NUST
100 ## - HEADING--PERSONAL NAME
- Personal name: Phillip F.Ostwald, Jairo Munoz
670 ## - SOURCE DATA FOUND
- Source citation: Work cat.: (NUST)564764: Phillip F.Ostwald, Jairo Munoz, Manufacturing Processes and Systems /, 2008
